000 00618nam a22002172 4500
001 0000018724
005 20151217152133.0
008 100609s xx 000 0 eng d
020 _a8175347373 :
040 _aKABU
_cKABU
100 1 _aWatt, Robert.
_@0000178061
245 1 0 _aConcise legal research /
_cRobert Watt.
250 _a5th ed.
260 _aDelhi :
_bUniversal Law,
_c2004.
300 _ax, 271 p.
650 0 _aLegai research
_zAustralia.
_@0000178062
650 0 _aLegai research.
_@0000178063
852 1 _9p560 KES
908 _a100609
950 _@1
999 _c8629
_d8629